000
00275nam a22000977a 4500
999
_c
519511
_d
519511
082
_a
TNC I5 R181
100
_a
Rapaport,David
_9
30600
245
_a
Organization and pathology of thought :
_b
Selected sources
_c
David Rapaport
260
_a
New Delhi
_b
Oxford
_c
1951
300
_a
786p.